<?xml version="1.0" encoding="UTF-8"?>
<collection xmlns="http://www.loc.gov/MARC21/slim">
 <record>
  <leader>00733cam a2200229 7i4500</leader>
  <controlfield tag="001">0000032214</controlfield>
  <controlfield tag="005">20211223090000.0</controlfield>
  <datafield tag="020" ind1=" " ind2=" ">
   <subfield code="a">0801310148 </subfield>
  </datafield>
  <datafield tag="020" ind1=" " ind2=" ">
   <subfield code="a">9780801310140 (pbk.) </subfield>
  </datafield>
  <datafield tag="040" ind1=" " ind2=" ">
   <subfield code="a">TSAM</subfield>
  </datafield>
  <datafield tag="082" ind1=" " ind2=" ">
   <subfield code="a">428.24 NUM</subfield>
  </datafield>
  <datafield tag="090" ind1="0" ind2="0">
   <subfield code="a">PE1128.A2 </subfield>
   <subfield code="b">NUM 1994</subfield>
  </datafield>
  <datafield tag="100" ind1="1" ind2=" ">
   <subfield code="a">Numrich, Carol </subfield>
   <subfield code="e">author </subfield>
  </datafield>
  <datafield tag="245" ind1="1" ind2="0">
   <subfield code="a">Raise the issues : </subfield>
   <subfield code="b">an integrated approach to critical thinking  </subfield>
   <subfield code="c">Carol Numrich.</subfield>
  </datafield>
  <datafield tag="264" ind1=" " ind2="1">
   <subfield code="a">White Plains, NY: </subfield>
   <subfield code="b">Longman Publishing, </subfield>
   <subfield code="c">1994.</subfield>
  </datafield>
  <datafield tag="300" ind1=" " ind2=" ">
   <subfield code="a">x, 241 pages: </subfield>
   <subfield code="b">illustrations; </subfield>
   <subfield code="c">26 cm.</subfield>
  </datafield>
  <datafield tag="336" ind1=" " ind2=" ">
   <subfield code="a">text</subfield>
   <subfield code="2">rdacontent</subfield>
  </datafield>
  <datafield tag="337" ind1=" " ind2=" ">
   <subfield code="a">unmediated</subfield>
   <subfield code="2">rdamedia</subfield>
  </datafield>
  <datafield tag="338" ind1=" " ind2=" ">
   <subfield code="a">volume</subfield>
   <subfield code="2">rdacarrier</subfield>
  </datafield>
  <datafield tag="650" ind1="1" ind2="0">
   <subfield code="a">English language -- </subfield>
   <subfield code="x">Textbooks for foreign speakers </subfield>
  </datafield>
  <datafield tag="650" ind1="1" ind2="0">
   <subfield code="a">English language </subfield>
  </datafield>
  <datafield tag="650" ind1="1" ind2="0">
   <subfield code="a">Critical thinking </subfield>
  </datafield>
 </record>
</collection>
